Enzymes in Food Processing (Record no. 14484)
[ view plain ]
| 000 -LEADER | |
|---|---|
| fixed length control field | 00318nam a22001337a 4500 |
| 020 ## - INTERNATIONAL STANDARD BOOK NUMBER | |
| ISBN | 9789350300718 |
| 082 ## - DEWEY DECIMAL CLASSIFICATION NUMBER | |
| Classification number | 664.2 |
| Item number | CHO/EN |
| 100 ## - MAIN ENTRY--AUTHOR NAME | |
| Personal name | Choudhary,N .L. |
| 100 ## - MAIN ENTRY--AUTHOR NAME | |
| Personal name | Anjana Singh |
| 245 ## - TITLE STATEMENT | |
| Title | Enzymes in Food Processing |
| 260 ## - PUBLICATION, DISTRIBUTION, ETC. (IMPRINT) | |
| Place of publication | Jaipur |
| Name of publisher | Oxford Book Company |
| Year of publication | 2012 |
| 300 ## - PHYSICAL DESCRIPTION | |
| Number of Pages | 296 |
| 942 ## - ADDED ENTRY ELEMENTS (KOHA) | |
| Koha item type | Books |
| Withdrawn status | Lost status | Damaged status | Collection code | Home library | Current library | Shelving location | Date acquired | Source of acquisition | Cost, normal purchase price | Full call number | Accession Number | Koha item type |
|---|---|---|---|---|---|---|---|---|---|---|---|---|
| KAUAET | KAUAET | General Stacks | 08/07/2016 | Arunima Book Distributors,TVPM | 9557.00 | 664.2 CHO/EN | 24814 | Books |
